Introducing econometrics

Enregistré dans:
Détails bibliographiques
Auteur principal: Brown, William S.
Format: Livre
Langue:anglais
Publié: St. Paul West Publishing Company 1991
Sujets:
Tags: Ajouter un tag
Pas de tags, Soyez le premier à ajouter un tag!

MARC

LEADER 00000nam a2200000 4500
001 c124896
005 20221123102225.4
020 |a 0-314-77062-3 
041 0 |a eng 
044 |a US 
245 1 0 |a Introducing econometrics  |c William S. Brown 
264 1 |a St. Paul  |b West Publishing Company  |c 1991 
300 |a 428 s. 
610 2 0 |a ekonometria 
610 2 0 |a modely regresné 
610 2 0 |a modelovanie ekonometrické 
610 2 0 |a rady časové 
610 2 0 |a prognózovanie 
610 2 0 |a štúdie prípadové 
100 1 |a Brown, William S.